Vždy s úsmevom majsterka sveta v body fitness Natália Lenártová tvrdí, že bola športové drevo

Bibliographic Details
Main Authors: Zajacová, Zuzana (ain), Lenártová, Natália, 1981- (Author, uin)
Format: Article
Language:Slovak
PhysicalDescription:Fotogr.
ISSN:1335-7867
Subjects:

MARC

LEADER 00000nab a2200000 a 4500
001 vtls000823114
003 SK-MaSNL
005 20260302145852.0
008 160322c2003 xo 0 slo
015 |a SNBRB2003/01-03117 
035 |a CLN000174769 
040 |a SNKBUCL  |b slo  |c SNKBUCL  |e AACR2 
041 0 |a slo 
044 |a xo  |c SK 
080 |a 796.420.071  |2 UDC-MRF-SK2 
080 |a 929 Lenártová, Natália  |2 UDC-MRF-SK2 
100 1 |a Zajacová, Zuzana  |4 ain  |9 350917 
245 1 0 |a Vždy s úsmevom  |b majsterka sveta v body fitness Natália Lenártová tvrdí, že bola športové drevo  |c Zuzana Zajacová 
300 |b Fotogr. 
600 1 7 |a Lenártová-Revajová, Natália,  |d 1981-  |2 snkbucl  |9 838493 
655 7 |a články z novín a časopisov  |2 snkbucl  |9 267496 
700 1 |a Lenártová, Natália,  |d 1981-  |4 aut  |4 uin  |9 24522 
773 0 |x 1335-7867  |t Muscle a fitness  |g Roč. 13, č. 2 (2003), s. 28-29 
850 |a Slovenská národná knižnica v Martine 
852 |a SNK  |b KIS3GCP 
958 |a SK 
958 |a BX 
958 |a RBX 
999 |c 1355893  |d 1357823